[Event "Finalturnier U14"]
[Site "TOSHIBA"]
[Date "2008.07.03"]
[Round "1"]
[White "Sommerhalder, Eric"]
[Black "Nuri, Kaiwan"]
[Result "1-0"]
[WhiteElo "1912"]
[BlackElo "1673"]
[PlyCount "49"]
[EventDate "2008.??.??"]
[TimeControl "40/7200:20/3600:1800"]

{400MB, Fritz8.ctg} 1. e4 c5 2. Nf3 d6 3. d4 cxd4 4. Nxd4 Nf6 5. Nc3 g6 6. Be3
Bg7 7. f3 O-O 8. Qd2 Nc6 9. O-O-O Nxd4 10. Bxd4 Be6 11. g4 Qa5 12. Kb1 Rfc8 13.
a3 Rc6 14. h4 h5 15. gxh5 Nxh5 16. Bxg7 Kxg7 17. Rg1 Rac8 18. Rg5 Rc5 19. Qd4+
Re5 20. Rxh5 gxh5 21. f4 Rxc3 22. fxe5 Rc8 23. exd6+ Kg8 24. dxe7 Kh7 25. Bd3
1-0

[Event "Finalturnier  U14"]
[Site "?"]
[Date "2008.07.03"]
[Round "1"]
[White "Skouvaklis, Alexis"]
[Black "Gähwiler, Gabriel"]
[Result "1-0"]
[WhiteElo "1890"]
[BlackElo "2176"]
[PlyCount "91"]
[EventDate "2008.07.04"]
[SourceDate "2008.07.04"]

1. e4 c5 2. Nf3 d6 3. d4 cxd4 4. Nxd4 Nf6 5. Nc3 a6 6. Be3 e5 7. Nb3 Be6 8. f3
Be7 9. Qd2 O-O 10. O-O-O b5 11. g4 b4 12. Nd5 Bxd5 13. exd5 a5 14. Kb1 Nbd7 15.
g5 Ne8 16. f4 f5 17. h4 a4 18. Nc1 Rb8 19. Nd3 b3 20. cxb3 axb3 21. a3 Rc8 22.
Nb4 Nc5 23. Nc6 Ne4 24. Qh2 Qd7 25. fxe5 dxe5 26. Nxe5 Qa4 27. Bd3 Bxa3 28.
bxa3 Nc3+ 29. Kb2 Nxd1+ 30. Rxd1 Nd6 31. Qf4 Ne4 32. Nc6 Rxc6 33. dxc6 Ra8 34.
Ra1 Qxc6 35. Qe5 Re8 36. Qd4 Nd6 37. Rc1 Qg2+ 38. Bf2 Rd8 39. Qb6 Re8 40. Qxd6
Qxf2+ 41. Kxb3 Qxh4 42. Qd5+ Kh8 43. Qxf5 Rb8+ 44. Ka2 Qh2+ 45. Rc2 Qh1 46.
Rc8+ 1-0

[Event "Finalturnier U14"]
[Site "?"]
[Date "2008.07.03"]
[Round "1"]
[White "Rindlisbacher, Jan"]
[Black "Meylan, André"]
[Result "1-0"]
[WhiteElo "2050"]
[BlackElo "1853"]
[PlyCount "95"]

1. d4 c5 2. d5 e5 3. c4 d6 4. e4 Be7 5. f4 exf4 6. Bxf4 Bg5 7. Bxg5 Qxg5 8. Nc3
Nd7 9. Nf3 Qe7 10. Bd3 Ngf6 11. O-O Ne5 12. Be2 O-O 13. Qe1 b6 14. Qg3 Nfd7 15.
Nh4 Nf6 16. Nf5 Bxf5 17. Rxf5 Ng6 18. Bd3 a6 19. Raf1 Kh8 20. b3 Rae8 21. a4
Ne5 22. R1f4 Ng6 23. Rf1 Ne5 24. Bc2 Nfg4 25. h3 Nh6 26. R5f2 f6 27. Ne2 Ng6
28. Nf4 Nxf4 29. Rxf4 Qe5 30. Qd3 Kg8 31. Kh1 Rf7 32. Bd1 Rff8 33. Bc2 Rf7 34.
Bd1 Rff8 35. Bg4 Nxg4 36. Rxg4 Qh5 37. Qg3 Re7 38. Qxd6 Rfe8 39. Qxb6 Rxe4 40.
Rxe4 Rxe4 41. Qxc5 Kf7 42. Qc7+ Re7 43. Qf4 Qe2 44. Qf3 Qc2 45. d6 Rd7 46. Qd5+
Kg6 47. c5 Qe2 48. Qf5+ 1-0

[Event "Finalturnier U14"]
[Site "?"]
[Date "2008.07.03"]
[Round "1"]
[White "Lienhard, Alex"]
[Black "Burgueno, Diego"]
[Result "1-0"]
[WhiteElo "2011"]
[BlackElo "1827"]
[PlyCount "70"]

1. e4 e5 2. Nf3 Nc6 3. d4 exd4 4. Bc4 Nf6 5. e5 d5 6. Bb5 Ne4 7. Nxd4 Bc5 8.
Be3 Bd7 9. Bxc6 bxc6 10. O-O O-O 11. Nd2 Nxd2 12. Qxd2 Qe7 13. f4 Bb6 14. a4
Bxd4 15. Bxd4 c5 16. Bf2 Bc6 17. Qa5 d4 18. c3 Rfd8 19. Rad1 Rd5 20. Qa6 Qe8
21. cxd4 cxd4 22. b3 Qe6 23. f5 Qe8 24. Rfe1 Rb8 25. Bxd4 Bb7 26. Qe2 c5 27.
Bc3 Qc6 28. e6 fxe6 29. Qg4 Qd7 30. fxe6 Qe7 31. Qg3 Rf8 32. Rxd5 Bxd5 33. Re5
Qf6 34. Rf5 Qh6 35. Rxf8+ Kxf8 1-0

[Event "Finalturnier U14"]
[Site "?"]
[Date "2008.07.03"]
[Round "1"]
[White "Kupper, Nicolas"]
[Black "Hasenohr, Benedict"]
[Result "0-1"]
[WhiteElo "1775"]
[BlackElo "2005"]
[PlyCount "62"]
[EventDate "2008.??.??"]

1. e4 e5 2. f4 d6 3. Nf3 Nc6 4. Bb5 Bd7 5. Nc3 Nf6 6. O-O Qe7 7. d3 a6 8. Ba4
O-O-O 9. f5 d5 10. exd5 Qc5+ 11. Kh1 Nxd5 12. Nxd5 Qxd5 13. Bb3 Qc5 14. Bxf7
Bxf5 15. Qe2 Bg4 16. Be3 Qe7 17. Bb3 e4 18. dxe4 Qxe4 19. Qf2 Be7 20. Rae1 Qg6
21. Bf4 Rhf8 22. Qg3 Bd6 23. Bxd6 Rxd6 24. Ne5 Rxf1+ 25. Rxf1 Nxe5 26. Qxe5 Kb8
27. h3 Bc8 28. Rf7 Bxh3 29. Rxg7 Qh6 30. gxh3 Qxh3+ 31. Qh2 Qf1+ 0-1

[Event "Finalturnier U14"]
[Site "?"]
[Date "2008.07.03"]
[Round "1"]
[White "Stoeri, Simon"]
[Black "Berset, Alan"]
[Result "1-0"]
[WhiteElo "1990"]
[BlackElo "1757"]
[PlyCount "79"]

1. e4 e5 2. Nf3 Nf6 3. Nc3 Nc6 4. d4 exd4 5. Nxd4 Bb4 6. Nxc6 bxc6 7. Bd3 d5 8.
O-O Bxc3 9. bxc3 dxe4 10. Qe2 O-O 11. Bxe4 Re8 12. Bg5 Bf5 13. f3 Qd6 14. Qf2
Nxe4 15. fxe4 Bg6 16. Bf4 Qa3 17. Rae1 Qxc3 18. Bxc7 Qc4 19. Rd1 Qxe4 20. Rd6
Qxc2 21. Qxc2 Bxc2 22. Rxc6 Re2 23. Rc1 Be4 24. R6c4 Re8 25. Bb8 h6 26. Bxa7
Rxg2+ 27. Kf1 Rxa2 28. Rc8 Rxc8 29. Rxc8+ Kh7 30. Bb8 g5 31. Bg3 f5 32. Bf2 f4
33. h4 g4 34. h5 Ra1+ 35. Ke2 Ra2+ 36. Kf1 g3 37. Bd4 Rf2+ 38. Ke1 Re2+ 39.
Kxe2 f3+ 40. Kd2 1-0

[Event "Finalturnier U14"]
[Site "?"]
[Date "2008.07.03"]
[Round "1"]
[White "Viviani, Primo"]
[Black "Angst, Robin"]
[Result "1/2-1/2"]
[WhiteElo "1706"]
[BlackElo "1921"]
[PlyCount "78"]

1. c4 e5 2. Nc3 Nc6 3. g3 f5 4. Bg2 Nf6 5. e3 Bc5 6. Nge2 d6 7. d4 Bb6 8. O-O
O-O 9. Rb1 a5 10. a3 Qe8 11. b4 Qh5 12. c5 Ba7 13. Nd5 Nxd5 14. Bxd5+ Kh8 15.
Nc3 Qg6 16. b5 Ne7 17. b6 cxb6 18. cxb6 Nxd5 19. Nxd5 f4 20. Bd2 Bb8 21. Ne7
Qe6 22. Nxc8 f3 23. Kh1 Qh3 24. Rg1 Qxc8 25. dxe5 dxe5 26. g4 e4 27. Qf1 Qe6
28. Rb5 Qd6 29. Qh3 Qxd2 30. Rh5 Qd6 31. Rxh7+ Kg8 32. g5 Qxh2+ 33. Qxh2 Bxh2
34. Rxh2 Ra6 35. Rb1 g6 36. Rh4 Re8 37. Rf4 Re5 38. Rg4 Re6 39. Kh2 Kg7 1/2-1/2

[Event "Finalturnier U14"]
[Site "?"]
[Date "2008.07.03"]
[Round "1"]
[White "Turki, Salim"]
[Black "Muheim, Sébastien"]
[Result "0-1"]
[WhiteElo "1832"]
[BlackElo "2014"]
[PlyCount "68"]
[EventDate "2008.??.??"]
[SourceDate "2008.07.04"]

1. e4 c5 2. Nf3 d6 3. d4 cxd4 4. Nxd4 Nf6 5. Nc3 a6 6. Bg5 Nbd7 7. f4 g6 8. Qd2
Bg7 9. Be2 Qc7 10. a4 b6 11. Bf3 Bb7 12. O-O-O Rc8 13. Rhe1 O-O 14. e5 dxe5 15.
fxe5 Nxe5 16. Rxe5 Qxe5 17. Bxb7 Rxc3 18. Bf4 Ra3 19. Nb3 Qf5 20. bxa3 Ng4 21.
c3 e5 22. Be3 Bf6 23. Kb2 Rd8 24. Bd5 Rxd5 25. Qxd5 Nxe3 26. Qa8+ Kg7 27. Rc1
Nc4+ 28. Ka1 Qf2 29. Rb1 e4 30. Nd4 Bxd4 31. cxd4 Qxd4+ 32. Ka2 Qd2+ 33. Kb3
Qd3+ 34. Ka2 Qxa3# 0-1

[Event "Finalturnier U14"]
[Site "?"]
[Date "2008.07.04"]
[Round "2"]
[White "Gähwiler, Gabriel"]
[Black "Viviani, Primo"]
[Result "1-0"]
[WhiteElo "2176"]
[BlackElo "1706"]
[PlyCount "49"]
[SourceDate "2008.07.04"]

1. e4 c5 2. Nf3 Nc6 3. d4 cxd4 4. Nxd4 g6 5. c4 Nf6 6. Nc3 d6 7. Be2 Nxd4 8.
Qxd4 Bg7 9. O-O O-O 10. Qd1 a6 11. Be3 Qa5 12. Qb3 Nd7 13. Nd5 e6 14. Nb6 Nxb6
15. Qxb6 Qxb6 16. Bxb6 Bxb2 17. Rab1 Ba3 18. Rb3 Bc5 19. Rd1 Bd7 20. Bxc5 Ba4
21. Bxd6 Bxb3 22. axb3 Rfd8 23. e5 Rd7 24. f4 a5 25. c5 1-0

[Event "Finalturnier U14"]
[Site "?"]
[Date "2008.07.04"]
[Round "2"]
[White "Sommerhalder, Eric"]
[Black "Lienhard, Alex"]
[Result "1/2-1/2"]
[WhiteElo "1912"]
[BlackElo "2011"]
[PlyCount "91"]

1. e4 c5 2. Nf3 g6 3. d4 cxd4 4. Qxd4 Nf6 5. Bb5 a6 6. e5 Nh5 7. e6 f6 8. exd7+
Bxd7 9. Bxd7+ Qxd7 10. Qxd7+ Nxd7 11. Nc3 e5 12. Nd5 Rc8 13. c3 Kf7 14. Be3 Nc5
15. O-O-O b5 16. g4 Ng7 17. g5 e4 18. gxf6 exf3 19. fxg7 Bxg7 20. Nb6 Rc6 21.
Bxc5 Rxc5 22. Rd7+ Kf6 23. Nd5+ Ke6 24. Rxg7 Rxd5 25. Re1+ Re5 26. Rxe5+ Kxe5
27. Rf7 Ke4 28. Re7+ Kf4 29. Re6 a5 30. Re7 Kg4 31. Kd2 Kh3 32. Ke3 Kg2 33. h4
h6 34. Re4 g5 35. hxg5 h5 36. g6 Rg8 37. a4 bxa4 38. c4 Rxg6 39. c5 Rg5 40. Rc4
Re5+ 41. Kd4 Re7 42. c6 Rc7 43. Ke3 h4 44. Rxh4 Rxc6 45. Rg4+ Kf1 46. Rxa4
1/2-1/2

[Event "Finalturnier U14"]
[Site "?"]
[Date "2008.07.04"]
[Round "2"]
[White "Burgueno, Diego"]
[Black "Nuri, Kaiwan"]
[Result "1-0"]
[WhiteElo "1827"]
[BlackElo "1673"]
[PlyCount "89"]

1. e4 c5 2. Nf3 d6 3. d4 cxd4 4. Nxd4 Nf6 5. Nc3 g6 6. Be3 Bg7 7. f3 O-O 8. Qd2
Nc6 9. Bc4 Bd7 10. O-O-O Ne5 11. Bb3 Qc7 12. Kb1 Rfc8 13. g4 Qa5 14. h4 Nc4 15.
Bxc4 Rxc4 16. Nb3 Qa6 17. h5 Rac8 18. hxg6 fxg6 19. Bd4 e5 20. Be3 R4c6 21. Nd5
Nxd5 22. Qxd5+ Kf8 23. Rh2 Re8 24. Qa5 Be6 25. Qxa6 Rxa6 26. Rxh7 Bg8 27. Rh2
Rd8 28. Rhd2 Rc6 29. Nc1 b6 30. b3 Ke7 31. Ne2 Rdc8 32. c4 a5 33. Nc3 Bf8 34.
a4 R8c7 35. Nd5+ Bxd5 36. Rxd5 Ke6 37. Bf2 Be7 38. Kc2 Bg5 39. Kd3 Bh6 40. Bh4
g5 41. Bf2 Bf8 42. Be3 Be7 43. Rh1 Kf7 44. Rh8 Kg7 45. Rb8 1-0

[Event "Finalturnier U14"]
[Site "?"]
[Date "2008.07.04"]
[Round "2"]
[White "Robin, Angst"]
[Black "Alexis, Skouvaklis"]
[Result "1-0"]
[WhiteElo "1921"]
[BlackElo "1890"]
[PlyCount "95"]
[SourceDate "2008.07.04"]

1. e4 c5 2. Nc3 Nc6 3. f4 g6 4. Nf3 Bg7 5. Bc4 e6 6. O-O Nge7 7. Qe1 O-O 8. d3
d5 9. Bb3 f5 10. e5 a6 11. a3 b5 12. Qf2 Qb6 13. Rd1 Rd8 14. Ne2 Bf8 15. c3 Na5
16. Bc2 Nec6 17. Bd2 Nb7 18. Kf1 Qc7 19. Rac1 Qe7 20. h3 Bd7 21. g4 Rac8 22.
gxf5 exf5 23. d4 c4 24. Qg3 a5 25. h4 Be8 26. Bxf5 Qg7 27. Bxc8 Rxc8 28. f5
gxf5 29. Qxg7+ Kxg7 30. Kf2 h6 31. Rg1+ Kf7 32. Nf4 Ne7 33. Rce1 Rc6 34. e6+
Kf6 35. Ne5 Rc7 36. h5 Nd6 37. Ke3 Ne4 38. Neg6 Bxg6 39. Rxg6+ Nxg6 40. Nxd5+
Kxe6 41. Nxc7+ Kd7 42. hxg6 Kxc7 43. Rf1 Nd6 44. Ke2 Kd7 45. Rg1 Ne8 46. Rh1
Bg7 47. Bxh6 Bf6 48. g7 1-0

[Event "Finalturnier U14"]
[Site "?"]
[Date "2008.07.04"]
[Round "2"]
[White "Meylan, André"]
[Black "Kupper, Nicolas"]
[Result "0-1"]
[WhiteElo "1853"]
[BlackElo "1775"]
[PlyCount "132"]
[SourceDate "2008.07.04"]

1. e4 e5 2. Nf3 Nc6 3. d4 exd4 4. Nxd4 Bc5 5. Be3 Qf6 6. c3 Nge7 7. Nc2 Bxe3 8.
Nxe3 d6 9. Nd2 O-O 10. Be2 Be6 11. O-O Ng6 12. Ndc4 Rfe8 13. Qc2 Nf4 14. Bf3
Qg6 15. Kh1 Rad8 16. Qb1 Bxc4 17. Nxc4 Ne5 18. Nxe5 dxe5 19. Rd1 Qb6 20. Qc2 c5
21. Rxd8 Rxd8 22. Rd1 Rxd1+ 23. Qxd1 h6 24. Qd7 Qxb2 25. Qc8+ Kh7 26. Qf5+ Ng6
27. h4 Qc1+ 28. Kh2 Qf4+ 29. g3 Qxf5 30. exf5 Ne7 31. Bxb7 Nxf5 32. Be4 g6 33.
h5 Nd6 34. hxg6+ fxg6 35. Bd5 Kg7 36. Kg2 Nb5 37. Kf3 Nxc3 38. Bc4 Kf6 39. Ke3
Kf5 40. f3 g5 41. g4+ Kf6 42. Bb3 Ke7 43. Kd3 Nb5 44. Ke4 Kd6 45. Bc4 Nd4 46.
a3 Nc2 47. a4 Na3 48. Be2 c4 49. Bd1 c3 50. Kd3 c2 51. Bxc2 Nxc2 52. Kxc2 Kc5
53. Kc3 a5 54. Kd3 Kb4 55. Ke4 Kxa4 56. Kxe5 Kb3 57. Kf6 a4 58. Kg6 a3 59. Kxh6
a2 60. Kxg5 a1=Q 61. f4 Qg7+ 62. Kf5 Kc4 63. Ke6 Qxg4+ 64. f5 Qg7 65. f6 Qf8
66. f7 Kc5 0-1

[Event "Finalturnier U14"]
[Site "?"]
[Date "2008.07.04"]
[Round "2"]
[White "Berset, Alan"]
[Black "Turki, Salim"]
[Result "1-0"]
[WhiteElo "1757"]
[BlackElo "1832"]
[PlyCount "129"]
[EventDate "2008.??.??"]

1. d4 f5 2. c4 Nf6 3. g3 e6 4. Bg2 c6 5. Nc3 d5 6. cxd5 cxd5 7. Bf4 Nc6 8. Nf3
Bd6 9. Ne5 Nh5 10. e3 Nxf4 11. exf4 Bxe5 12. dxe5 a6 13. O-O O-O 14. Qc2 Bd7
15. Rfe1 Re8 16. Rad1 Ne7 17. Qb3 Bc6 18. h3 Qa5 19. g4 Rab8 20. Re3 Red8 21.
Red3 Kh8 22. Rd4 b5 23. a3 h6 24. Ne2 Bb7 25. Ng3 Rf8 26. g5 Nc6 27. R4d2 hxg5
28. fxg5 f4 29. Nh5 Rf5 30. Re2 Rbf8 31. Qf3 d4 32. Qg4 Qc7 33. Qh4 Kg8 34. g6
f3 35. Nf4 Re8 36. Bxf3 Rxe5 37. Qh7+ Kf8 38. Qh8+ Ke7 39. Qxg7+ Kd8 40. Qf6+
Kc8 41. Bxc6 Qxc6 42. f3 Qxf3 43. Rc2+ Kd7 44. Rc7+ Kxc7 45. Qxe5+ Kc8 46. Rc1+
Bc6 47. Rxc6+ Qxc6 48. g7 Qc1+ 49. Kg2 Qxb2+ 50. Kg1 Qc1+ 51. Kf2 Qd2+ 52. Kf1
Qc1+ 53. Kg2 Qc7 54. Qxe6+ Qd7 55. Qxa6+ Kd8 56. Qf6+ Qe7 57. Ne6+ Kd7 58. Nf8+
Kd8 59. Qxe7+ Kxe7 60. g8=Q Rxf8 61. Qg7+ Rf7 62. Qxd4 Rf6 63. Qc5+ Kf7 64.
Qxb5 Rg6+ 65. Kh2 1-0

[Event "Finalturnier U14"]
[Site "?"]
[Date "2008.07.04"]
[Round "2"]
[White "Hasenohr, Benedict"]
[Black "Rindlisbacher, Jan"]
[Result "1-0"]
[WhiteElo "2005"]
[BlackElo "2050"]
[PlyCount "111"]
[EventDate "2008.??.??"]

1. d4 Nf6 2. Nf3 g6 3. c4 Bg7 4. Nc3 O-O 5. e4 d6 6. Be2 e5 7. O-O Nc6 8. d5
Ne7 9. Ne1 Nd7 10. Nd3 f5 11. f3 f4 12. Bd2 Nf6 13. c5 g5 14. cxd6 cxd6 15. Nf2
Rf7 16. Rc1 Ng6 17. Qc2 Ne8 18. Qb3 h5 19. Nb5 Bf8 20. Qa3 Bd7 21. Ba5 b6 22.
Bb4 Qb8 23. Qb3 a6 24. Na3 Nf6 25. Qd1 Rg7 26. Re1 Be7 27. h3 Kf7 28. Kf1 Nh4
29. Qd3 Ra7 30. Rc2 a5 31. Bd2 Qh8 32. Rec1 g4 33. fxg4 hxg4 34. Nxg4 Nxg4 35.
Bxg4 Bxg4 36. hxg4 Nxg2 37. Qf3 Qh1+ 38. Ke2 Qh2 39. Kd3 Nh4 40. Qe2 Qg3+ 41.
Kc4 Rxg4 42. Nb5 f3 43. Qd3 Ra8 44. Kb3 Rd8 45. Be1 f2 46. Rxf2+ Kg6 47. Rf6+
Bxf6 48. Bxg3 Bg5 49. Rf1 Bf4 50. Bxf4 exf4 51. Rxf4 a4+ 52. Ka3 Kg5 53. Rf7
Rg8 54. Nxd6 Kh6 55. e5 Rg3 56. Rh7+ 1-0

[Event "Finalturnier U14"]
[Site "?"]
[Date "2008.07.04"]
[Round "2"]
[White "Muheim, Sébastien"]
[Black "Stoeri, Simon"]
[Result "1/2-1/2"]
[WhiteElo "2014"]
[BlackElo "1990"]
[PlyCount "112"]

1. d4 Nf6 2. c4 g6 3. Nc3 Bg7 4. e4 d6 5. f3 O-O 6. Be3 c5 7. Nge2 Nc6 8. d5
Ne5 9. Ng3 e6 10. Be2 exd5 11. cxd5 h5 12. O-O Nh7 13. Qd2 h4 14. Nh1 g5 15.
Nf2 Qf6 16. Kh1 h3 17. Nxh3 Bxh3 18. gxh3 Qh6 19. Rg1 f6 20. f4 Ng6 21. fxg5
fxg5 22. Bxg5 Nxg5 23. Qxg5 Qxg5 24. Rxg5 Nf4 25. Rag1 Rf7 26. Bg4 Kh8 27. Be6
Re7 28. R1g4 Bf6 29. Rf5 Bxc3 30. bxc3 Nxe6 31. dxe6 b5 32. Rd5 Rae8 33. Kg2 a5
34. Kf3 b4 35. cxb4 axb4 36. Ke3 c4 37. Rb5 b3 38. axb3 cxb3 39. Rxb3 Rxe6 40.
Rb5 Rh6 41. h4 Ra8 42. Rbg5 Rb8 43. h5 Rd8 44. Kd4 Rd7 45. Rf4 Rb7 46. h4 Rd7
47. Rff5 Kh7 48. Kd5 Ra7 49. Kd4 Rb7 50. Rg1 Re6 51. Kd5 Re8 52. Rg4 Rb4 53.
Rf6 Re5+ 54. Kxd6 Rexe4 55. Rgg6 Rb6+ 56. Kd5 Rxf6 1/2-1/2

[Event "Finalturnier U14"]
[Site "?"]
[Date "2008.07.04"]
[Round "3"]
[White "Stoeri, Simon"]
[Black "Sommerhalder, Eric"]
[Result "0-1"]
[WhiteElo "1990"]
[BlackElo "1912"]
[PlyCount "58"]
[SourceDate "2008.07.04"]

1. e4 c5 2. Nf3 d6 3. d4 cxd4 4. Nxd4 Nf6 5. Nc3 g6 6. Be3 Bg7 7. f3 O-O 8. Qd2
Nc6 9. O-O-O d5 10. exd5 Nxd5 11. Nxc6 bxc6 12. Bd4 Be6 13. Bxg7 Kxg7 14. h4
Qb6 15. Nxd5 cxd5 16. h5 Rab8 17. c3 Rh8 18. Rh4 f6 19. Re1 g5 20. Ra4 a5 21.
f4 gxf4 22. Rxf4 Kf7 23. Rf2 d4 24. c4 Rhc8 25. Qh6 Bf5 26. g4 Qb4 27. Rfe2
Qxc4+ 28. Kd1 Qd3+ 29. Rd2 Bxg4+ 0-1

[Event "Finalturnier U14"]
[Site "?"]
[Date "2008.07.04"]
[Round "3"]
[White "Skouvaklis, Alexis"]
[Black "Berset, Alan"]
[Result "1-0"]
[WhiteElo "1890"]
[BlackElo "1757"]
[PlyCount "61"]

1. e4 e5 2. Nf3 Nf6 3. Nc3 Nc6 4. d4 exd4 5. Nxd4 Bb4 6. Nxc6 bxc6 7. Bd3 d5 8.
exd5 cxd5 9. O-O O-O 10. Bg5 c6 11. Qf3 Be7 12. Rfe1 Bg4 13. Bxf6 Bxf3 14. Bxe7
Qd7 15. gxf3 Rfe8 16. Bh4 Qh3 17. Bg3 g5 18. Ne2 f5 19. f4 Qg4 20. fxg5 Qxg5
21. f4 Qg7 22. c3 h5 23. Kh1 Qg4 24. Nd4 h4 25. Bxf5 Qh5 26. Bf2 c5 27. Rg1+
Kf8 28. Bg6 Qh6 29. Bxe8 cxd4 30. Bxd4 Qxf4 31. Raf1 1-0

[Event "Finalturnier U14"]
[Site "?"]
[Date "2008.07.04"]
[Round "3"]
[White "Muheim, Sébastien"]
[Black "Hasenohr, Benedict"]
[Result "0-1"]
[WhiteElo "2014"]
[BlackElo "2005"]
[PlyCount "64"]

1. d4 d5 2. c4 c6 3. Nc3 Nf6 4. e3 e6 5. Nf3 Nbd7 6. Qc2 Bd6 7. Bd3 O-O 8. O-O
dxc4 9. Bxc4 e5 10. Rd1 exd4 11. exd4 Nb6 12. Bd3 Bg4 13. Ne4 Bxf3 14. gxf3 h6
15. Kh1 Bc7 16. Ng3 Qd6 17. Rg1 Kh8 18. Rg2 Rg8 19. Nf5 Qe6 20. Bd2 Nh5 21. Re1
Qf6 22. Reg1 Nd5 23. Be4 Rad8 24. Rg4 Ne7 25. Nh4 Qd6 26. R4g2 Nf4 27. Bxf4
Qxf4 28. Nf5 Nxf5 29. Bxf5 Rxd4 30. Be4 f5 31. Bxf5 Qxf3 32. Be6 Rh4 0-1

[Event "Finalturnier U14"]
[Site "?"]
[Date "2008.07.04"]
[Round "3"]
[White "Nuri, Kaiwan"]
[Black "Turki, Salim"]
[Result "0-1"]
[WhiteElo "1673"]
[BlackElo "1832"]
[PlyCount "80"]
[SourceDate "2008.07.04"]

1. d4 d5 2. Nf3 Nf6 3. c4 c6 4. Nc3 a6 5. a4 e6 6. e3 Bb4 7. Bd2 O-O 8. Bd3
dxc4 9. Bxc4 b5 10. axb5 cxb5 11. Bxb5 Qb6 12. Be2 Bb7 13. O-O Rd8 14. Qb3 Nc6
15. Na4 Qa5 16. Nc5 Qb6 17. Nxb7 Qxb7 18. Ra4 Rdb8 19. Bxb4 Nxb4 20. Ng5 h6 21.
Bf3 Nfd5 22. Ne4 Qc6 23. Nc5 Qe8 24. Qd1 Rb6 25. Ra3 Qd8 26. Qd2 a5 27. e4 Nc7
28. Nd3 Qxd4 29. Rd1 Rd8 30. Qe2 Rbd6 31. h3 Nb5 32. Rxa5 Qb6 33. Ra8 Nxd3 34.
e5 Nf4 35. Rxd8+ Qxd8 36. Qxb5 Rxd1+ 37. Bxd1 Qxd1+ 38. Kh2 Qd5 39. Qb8+ Kh7
40. Kg3 g5 0-1

[Event "Finalturnier U14"]
[Site "?"]
[Date "2008.07.04"]
[Round "3"]
[White "Kupper, Nicolas"]
[Black "Gähwiler, Gabriel"]
[Result "0-1"]
[WhiteElo "1775"]
[BlackElo "2176"]
[PlyCount "80"]

1. e4 c5 2. d4 cxd4 3. c3 d5 4. exd5 Qxd5 5. cxd4 Nc6 6. Nf3 e6 7. Be2 Nf6 8.
O-O Be7 9. Nc3 Qd6 10. Be3 O-O 11. Rc1 a6 12. Na4 Nd5 13. Nc3 Nxc3 14. Rxc3 Bf6
15. Bc4 Rd8 16. Rd3 b5 17. Bb3 Bb7 18. Rd2 Na5 19. Ne1 Rac8 20. a3 Nxb3 21.
Qxb3 Bd5 22. Qd1 Bc4 23. Nd3 Bxd4 24. Nb4 Bxf1 25. Rxd4 Qxd4 26. Bxd4 Be2 27.
Qxe2 Rc1+ 28. Qf1 Rxf1+ 29. Kxf1 Rxd4 30. Nxa6 Rd2 31. b4 Ra2 32. Nc7 Rxa3 33.
Nxb5 Rb3 34. Ke2 Rxb4 35. Nc3 Kf8 36. g3 Ke7 37. Nd1 f5 38. Ne3 Re4 39. Kf3 Kf6
40. h3 Ra4 0-1

[Event "Finalturnier U14"]
[Site "?"]
[Date "2008.07.04"]
[Round "3"]
[White "Viviani, Primo"]
[Black "Meylan, André"]
[Result "0-1"]
[WhiteElo "1706"]
[BlackElo "1853"]
[PlyCount "68"]

1. c4 e5 2. Nc3 Nf6 3. Nf3 Nc6 4. g3 d5 5. cxd5 Nxd5 6. Bg2 Be6 7. O-O Be7 8.
d3 O-O 9. Bd2 f5 10. a3 a5 11. Qb3 Qd6 12. Qc2 Qd7 13. Rfc1 Nxc3 14. Bxc3 Bf6
15. Rd1 Rad8 16. Rac1 Kh8 17. Qa4 Ra8 18. Qb5 Qd6 19. Nd2 Bd7 20. Nc4 Qe6 21.
Bd5 Qe8 22. Qc5 Bg5 23. Rb1 b6 24. Nxb6 cxb6 25. Qxb6 Rb8 26. Qc5 Be7 27. Qe3
Bf6 28. Bxc6 Bxc6 29. Bxa5 Qh5 30. Bb4 Rfe8 31. Bd2 Qh3 32. f3 e4 33. dxe4 fxe4
34. f4 Bd4 0-1

[Event "Finalturnier U14"]
[Site "?"]
[Date "2008.07.04"]
[Round "3"]
[White "Lienhard, Alex"]
[Black "Angst, Robin"]
[Result "1-0"]
[WhiteElo "2011"]
[BlackElo "1921"]
[PlyCount "113"]

1. e4 Nf6 2. Nc3 d5 3. exd5 Nxd5 4. d4 c6 5. Nxd5 cxd5 6. Nf3 g6 7. Bf4 Nc6 8.
c3 Bg7 9. Bd3 O-O 10. O-O f6 11. Re1 Bg4 12. Bb5 a6 13. Bxc6 bxc6 14. h3 Bxf3
15. Qxf3 e5 16. Bg3 e4 17. Qf4 f5 18. Qd6 Qxd6 19. Bxd6 Rf7 20. b3 f4 21. f3 e3
22. g4 Bf6 23. Kf1 Bh4 24. Red1 h5 25. Ke2 Bg3 26. Rg1 Kh7 27. a4 Raa7 28. a5
Rab7 29. b4 Rfd7 30. Be5 Rb5 31. Rxg3 fxg3 32. Kxe3 Re7 33. f4 g5 34. fxg5 hxg4
35. h4 Rf7 36. Bf6 Rb8 37. h5 Rxf6 38. gxf6 Rf8 39. Rg1 Kh6 40. Kf4 Rxf6+ 41.
Kxg4 Rf8 42. Rxg3 Rg8+ 43. Kf4 Rf8+ 44. Ke5 Kxh5 45. Kd6 Rf6+ 46. Kc5 Kh4 47.
Rd3 Kg4 48. Kb6 Kf4 49. Kxa6 Ke4 50. Rh3 c5+ 51. Kb5 cxb4 52. Kxb4 Rf8 53. Rh6
Kd3 54. a6 Rb8+ 55. Kc5 Kxc3 56. Rh3+ Kb2 57. Kxd5 1-0

[Event "Finalturnier U14"]
[Site "?"]
[Date "2008.07.04"]
[Round "3"]
[White "Rindlisbacher, Jan"]
[Black "Burgueno, Diego"]
[Result "1-0"]
[WhiteElo "2050"]
[BlackElo "1827"]
[PlyCount "135"]
[SourceDate "2008.07.04"]

1. d4 d5 2. c4 e6 3. Nf3 Nf6 4. g3 Bb4+ 5. Bd2 Be7 6. Bg2 O-O 7. O-O c6 8. b3
Nbd7 9. Bc3 b6 10. Nbd2 Ba6 11. Qc2 b5 12. c5 Qc7 13. b4 Rfe8 14. h3 Rad8 15.
Kh2 Nf8 16. Ne5 Ng6 17. Ndf3 Ne4 18. Bb2 f6 19. Nxg6 hxg6 20. Nh4 g5 21. Ng6 f5
22. Ne5 Nf6 23. Bc1 Nd7 24. Nf3 g4 25. Bf4 Qb7 26. hxg4 fxg4 27. Ng5 Bxg5 28.
Bxg5 Nf6 29. e4 Qf7 30. Bxf6 gxf6 31. Rh1 Qg6 32. a4 Re7 33. Qe2 Rdd7 34. Kg1
f5 35. e5 Rh7 36. Rxh7 Rxh7 37. a5 Qh6 38. Kf1 Qh2 39. Qe3 Qh6 40. Qe2 Qg5 41.
Re1 Rh5 42. Qe3 Qg6 43. Qf4 Kf7 44. Kg1 Kg7 45. Kf1 Kf7 46. Rc1 Qh7 47. Re1 Qh8
48. Rc1 Ke7 49. f3 Qg7 50. Kf2 Rg5 51. Rh1 Kf7 52. Rh4 Bc8 53. fxg4 Rxg4 54.
Rxg4 Qxg4 55. Qxg4 fxg4 56. Ke3 Kg7 57. Kf4 Bd7 58. Kg5 Be8 59. Bf1 a6 60. Be2
Bd7 61. Bxg4 Bc8 62. Bh5 Bd7 63. g4 Bc8 64. Be8 Bb7 65. Bh5 Bc8 66. Be8 Bb7 67.
Bd7 Kf7 68. Kh6 1-0

[Event "Finalturnier U14"]
[Site "?"]
[Date "2008.07.05"]
[Round "4"]
[White "Nuri, Kaiwan"]
[Black "Viviani, Primo"]
[Result "0-1"]
[WhiteElo "1673"]
[BlackElo "1706"]
[PlyCount "47"]
[SourceDate "2008.07.05"]

1. d4 d5 2. Nf3 Nf6 3. c4 c6 4. Nc3 e6 5. Bg5 Be7 6. e3 Nbd7 7. Bd3 h6 8. Bh4
dxc4 9. Bxc4 Nd5 10. Bxe7 Qxe7 11. a3 Nxc3 12. bxc3 O-O 13. O-O e5 14. d5 cxd5
15. Bxd5 Rd8 16. Qc2 Nf6 17. Ba2 Bg4 18. Rab1 Bh5 19. a4 Bg6 20. Qb3 Bxb1 21.
Bxb1 Rac8 22. c4 Rc5 23. Rc1 Qc7 24. Nd2 0-1

[Event "Finalturnier U14"]
[Site "?"]
[Date "2008.07.05"]
[Round "4"]
[White "Turki, Salim"]
[Black "Stoeri, Simon"]
[Result "0-1"]
[WhiteElo "1832"]
[BlackElo "1990"]
[PlyCount "44"]

1. e4 e5 2. Nf3 Nc6 3. d4 exd4 4. Nxd4 Nf6 5. Nxc6 bxc6 6. e5 Qe7 7. Qe2 Nd5 8.
c4 Ba6 9. b3 O-O-O 10. Bb2 Qg5 11. g3 f6 12. e6 Bb4+ 13. Nd2 Rhe8 14. f4 Qf5
15. O-O-O Rxe6 16. Qd3 Qh5 17. Ne4 f5 18. Ng5 Re3 19. Qd4 Nc3 20. Bxc3 Rxc3+
21. Kb1 c5 22. Qd5 Bb7 0-1

[Event "Finalturnier U14"]
[Site "?"]
[Date "2008.07.05"]
[Round "4"]
[White "Sommerhalder, Eric"]
[Black "Skouvaklis, Alexis"]
[Result "0-1"]
[WhiteElo "1912"]
[BlackElo "1890"]
[PlyCount "48"]
[SourceDate "2008.07.05"]

1. e4 c5 2. Nf3 d6 3. d4 cxd4 4. Nxd4 Nf6 5. Nc3 a6 6. Bg5 e6 7. Qe2 Qb6 8.
O-O-O Be7 9. g4 Qc7 10. Bg2 Bd7 11. Be3 O-O 12. g5 Ne8 13. f4 Nc6 14. Kb1 b5
15. f5 b4 16. f6 gxf6 17. gxf6 Nxf6 18. Bh6 bxc3 19. Rhg1 Kh8 20. e5 Rg8 21.
Qf3 Nxe5 22. Qh3 Rab8 23. Be4 Ng6 24. Bxg6 fxg6 0-1